Pharmaceutical Marketing Managment (Record no. 13167)

MARC details
000 -LEADER
fixed length control field 00460nam a22001817a 4500
003 - CONTROL NUMBER IDENTIFIER
control field OSt
008 - FIXED-LENGTH DATA ELEMENTS--GENERAL INFORMATION
fixed length control field 250227b |||||||| |||| 00| 0 eng d
020 ## - INTERNATIONAL STANDARD BOOK NUMBER
International Standard Book Number 97893950039710
082 ## - DEWEY DECIMAL CLASSIFICATION NUMBER
Classification number 615.1068 BHP
100 ## - MAIN ENTRY--PERSONAL NAME
Personal name Bhavna Kumar
245 ## - TITLE STATEMENT
Title Pharmaceutical Marketing Managment
260 ## - PUBLICATION, DISTRIBUTION, ETC. (IMPRINT)
Place of publication, distribution, etc Hyderabad
Name of publisher, distributor, etc Pharmamed Press
Date of publication, distribution, etc 2024
300 ## - PHYSICAL DESCRIPTION
Extent 201
650 ## - SUBJECT ADDED ENTRY--TOPICAL TERM
Topical term or geographic name as entry element Pharmaceutical marketing
700 ## - ADDED ENTRY--PERSONAL NAME
Personal name Ojha, Abhijeet
700 ## - ADDED ENTRY--PERSONAL NAME
Personal name Nautiyal, Anuj
942 ## - ADDED ENTRY ELEMENTS (KOHA)
Source of classification or shelving scheme Dewey Decimal Classification
Koha item type Text Books
Holdings
Withdrawn status Lost status Source of classification or shelving scheme Damaged status Not for loan Collection code Home library Current library Date acquired Source of acquisition Currency Cost, normal purchase price Bill Number Total Checkouts Full call number Acc. no. / Barcode Date last seen Actual Cost, discounted price Bill Date Koha item type
    Dewey Decimal Classification     B.Pharma PIET C-LIBRARY PIET C-LIBRARY 18/02/2025 Zafaa Books Distributres In Rupees 295.00 ZBDO500   615.1068 BHP BP2658 27/02/2025 221.25 17/02/2025 Reference Books
    Dewey Decimal Classification     B.Pharma PIET C-LIBRARY PIET C-LIBRARY 18/02/2025 Zafaa Books Distributres In Rupees 295.00 ZBDO500   615.1068 BHP BP2659 27/02/2025 221.25 17/02/2025 Text Books
    Dewey Decimal Classification     B.Pharma PIET C-LIBRARY PIET C-LIBRARY 18/02/2025 Zafaa Books Distributres In Rupees 295.00 ZBDO500   615.1068 BHP BP2660 27/02/2025 221.25 17/02/2025 Text Books
    Dewey Decimal Classification     B.Pharma PIET C-LIBRARY PIET C-LIBRARY 18/02/2025 Zafaa Books Distributres In Rupees 295.00 ZBDO500   615.1068 BHP BP2661 27/02/2025 221.25 17/02/2025 Text Books
    Dewey Decimal Classification     B.Pharma PIET C-LIBRARY PIET C-LIBRARY 18/02/2025 Zafaa Books Distributres In Rupees 295.00 ZBDO500   615.1068 BHP BP2662 27/02/2025 221.25 17/02/2025 Text Books

Design & Developed by: PIET Central Library
R70 Miles Stone Pattikalyana Samalkha Panipat 132102
mail ID :- [email protected], Phone No:- 0180-2569700 Ex.216